What language did they speak? - Statistics

General Stats
  • This quiz has been taken 1,173 times
  • The average score is 10 of 15
Answer Stats
Person Language % Correct
George Washington English
93%
Martin Luther King Jr English
92%
Galileo Galilei Italian
90%
Tutankhamun Egyptian
89%
Voltaire French
87%
Pol Pot Khmer
83%
Joseph Stalin Georgian
79%
Nelson Mandela Xhosa
67%
Llewellyn the Great Welsh
61%
Jesus Christ Aramaic
60%
Haile Selassie Amharic
54%
Sitting Bull Sioux
46%
Mohandas Gandhi Gujarati
43%
Attila the Hun Hunnic
31%
Moctezuma I Nahuatl
26%
No matching quizzes found
Score Distribution
Percent of People with Each Score
Percentile by Number Answered
Your Score History
You have not taken this quiz